000 00599nam a2200229Ia 4500
003 OSt
005 20220924152318.0
006 a|||||r|||| 00| 0
007 ta
008 220923b |||||||| |||| 00| 0 ara d
024 _a341922
037 _cTextual
040 _aARTS
_cARTS
_bara
041 _2ara
_aara
082 _aQ7, 28F8.1-.3
100 _aShaheer Mohammad Badri Au.
_9226374
245 0 _aKitab al-dakhal al-aarif
260 _c1928
650 _aISLAM
_9577
942 _hQ7, 28F8.1-.3
_cTEXL
_2CC
999 _c469427
_d469427